000 00668nam a2200193Ia 4500
003 GCL
008 140319s9999 xx 000 0 ara d
040 _aGCL /
_cGCL
082 0 4 _a811.094
_bم ه
100 1 _aمحمد عبدالمطلب
245 1 0 _aهكذا تكلم النص: استنطاق الخطاب الشعرى لرفعت سلام /
_cمحمد عبدالمطلب
300 _a255 ص
490 _aدراسات ادبية
_v0
650 0 4 _aالشعر العربى
650 0 4 _aالادب العربى
650 0 4 _aالشعر العربى - دواوين وقصائد
650 0 4 _aالشعر العربى - العصر الحديث
942 _2ddc
_cBK
999 _c50378
_d50378